00620nam a22001817a 450000500170000001000230001702000230004003500140006303700090007708200110008610000190009724500830011625000060019926000490020527001190025430000190037350000460039220241211152205.0 aDEC24SC ENG-142979 a9789355018649c599 aEN-126511 bDBAD a00021 aMalhotra, Raj  aErrorless 24 Previous Years UPSC Civil Services IAS Prelims/cBy Raj Malhotra  a1 aNew DelhibS Chand and Company Limitedc2024 a A-27, 2nd Floor, Mohan Co-operative Industrial EstatebNew Delhie110044minfo@schandpublishing.comk011-49731800 avpp.c26cm(pb) a GS Paper 1 | 300+ Sub-Topics | 3460 MCQs